Biện pháp quản lý công tác tự đánh giá trong kiểm định chất lượng giáo dục ở các trường tiểu học huyện Nghĩa Hành tỉnh Quảng Ngãi
Cơ sở lý luận về quản lý công tác tự đánh giá trong kiểm định chất lượng giáo dục. Thực trạng quản lý công tác tự đánh giá trong kiểm định chất lượng giáo dục ở các trường Tiểu học huyện Nghĩa Hành, tỉnh Quảng Ngãi. Các biện pháp quản lý công tác tự đánh giá trong kiểm định chất lượng giáo dục ở các...
Na minha lista:
| Autor principal: | |
|---|---|
| Outros Autores: | |
| Formato: | Livro |
| Idioma: | Vietnamese |
| Publicado em: |
Đà Nẵng
Đại học Đà Nẵng
2015
|
| Assuntos: | |
| Tags: |
Adicionar Tag
Sem tags, seja o primeiro a adicionar uma tag!
|
| Thư viện lưu trữ: | Mạng thư viện Đại học Đà Nẵng |
|---|
| LEADER | 02091nam a2200361 4500 | ||
|---|---|---|---|
| 001 | 000020265 | ||
| 003 | 16710 | ||
| 005 | 20150318090339.0 | ||
| 008 | 150312s2015 viesd | ||
| 041 | |a vie | ||
| 082 | 1 | 4 | |a 372.12 |b VU-L |
| 100 | 1 | |a Vũ Thị Kim Loan | |
| 245 | 1 | |a Biện pháp quản lý công tác tự đánh giá trong kiểm định chất lượng giáo dục ở các trường tiểu học huyện Nghĩa Hành tỉnh Quảng Ngãi |c Vũ Thị Kim Loan ; Nguyễn Bảo Hoàng Thanh hướng dẫn. |k Luận văn Thạc sĩ | |
| 260 | |a Đà Nẵng |b Đại học Đà Nẵng |c 2015 | ||
| 300 | |a 87 tr., phụ lục 16 tr. |c 29 cm. |e Tóm tắt | ||
| 500 | |a Luận văn thạc sĩ Khoa học. Chuyên ngành: Quản lý giáo dục. Mã số: 60.14.05 | ||
| 520 | 3 | |a Cơ sở lý luận về quản lý công tác tự đánh giá trong kiểm định chất lượng giáo dục. Thực trạng quản lý công tác tự đánh giá trong kiểm định chất lượng giáo dục ở các trường Tiểu học huyện Nghĩa Hành, tỉnh Quảng Ngãi. Các biện pháp quản lý công tác tự đánh giá trong kiểm định chất lượng giáo dục ở các trường Tiểu học huyện Nghĩa Hành, tỉnh Quảng Ngãi | |
| 650 | 0 | 4 | |a \giáo dục tiểu học |v Luận văn tốt nghiệp |x Kiểm định chất lượng |x Quản lý |z Quảng Ngãi |
| 653 | |a Kiểm định chất lượng | ||
| 653 | |a Quản lý giáo dục | ||
| 653 | |a Giáo dục Tiểu học | ||
| 653 | |a Tự đánh giá | ||
| 700 | 1 | |a Nguyễn Bảo Hoàng Thanh |c PGS.TS |e Hướng dẫn | |
| OWN | |a LSP | ||
| AVA | |a UDN50 |b LSP |d 372.12 VU-L |e available |t Error 5001 Not defined in file expand_doc_bib_avail. |f 1 |g 0 |h N |i 0 |k 1 | ||
| 999 | |a From the UDN01 | ||
| AVA | |a UDN50 |b LSP |d 372.12 VU-L |e available |t Error 5001 Not defined in file expand_doc_bib_avail. |f 1 |g 0 |h N |i 0 |k 1 | ||
| TYP | |a Monograph | ||
| TYP | |a Printed language | ||
| 980 | |a Mạng thư viện Đại học Đà Nẵng | ||